000 00325pab a2200145 454500
008 180718b2005 xxu||||| |||| 00| 0 eng d
100 _aSundaram, I. Satya
245 _aThe trauma of rape
260 _c2005
300 _ap.31-32.
362 _aAug
650 _aSexual abuse
773 _aSocial Welfare
909 _a66677
999 _c66677
_d66677